In the Eye of the Beholder (Record no. 351150)
[ view plain ]
| 000 -LEADER | |
|---|---|
| fixed length control field | 00748nam a2200145Ia 4500 |
| 008 - FIXED-LENGTH DATA ELEMENTS--GENERAL INFORMATION | |
| fixed length control field | 171212s9999 xx 000 0 und d |
| 020 ## - INTERNATIONAL STANDARD BOOK NUMBER | |
| International Standard Book Number | 9781925021967 |
| 100 ## - MAIN ENTRY--PERSONAL NAME | |
| Personal name | Dawson, Barbara |
| 245 ## - TITLE STATEMENT | |
| Statement of responsibility, etc | Dawson, Barbara |
| Title | In the Eye of the Beholder |
| Remainder of title | What Six Nineteenth-century Women Tell Us About Indigenous Authority and Identity |
| 260 ## - PUBLICATION, DISTRIBUTION, ETC. (IMPRINT) | |
| Name of publisher, distributor, etc | ANU E Press |
| Date of publication, distribution, etc | 2014 |
| 440 ## - SERIES STATEMENT/ADDED ENTRY--TITLE | |
| Title | Aboriginal History Monographs |
| 650 ## - SUBJECT ADDED ENTRY--TOPICAL TERM | |
| Topical term or geographic name as entry element | History |
| 650 ## - SUBJECT ADDED ENTRY--TOPICAL TERM | |
| Topical term or geographic name as entry element | Women pioneers -- Australia -- Attitudes; Intercultural communication -- Australia -- 19th century; Aboriginal Australians -- Public opinion -- History; Aboriginal Australians, Treatment of -- Australia -- History -- 1788-1900; Australia -- Race relations |
| 856 ## - ELECTRONIC LOCATION AND ACCESS | |
| Uniform Resource Identifier | <a href="http://www.jstor.org/stable/j.ctt13wwvt9">http://www.jstor.org/stable/j.ctt13wwvt9</a> |
| Withdrawn status | Lost status | Damaged status | Home library | Current library | Date acquired | Total Checkouts | Date last seen | Price effective from | Koha item type |
|---|---|---|---|---|---|---|---|---|---|
| College Library | College Library | 12/12/2017 | 12/12/2017 | 12/12/2017 | Curriculum - Based eBooks |